Diffusion bonding of materials / (Record no. 132205)

MARC details
000 -LEADER
fixed length control field 00726nam a22002417a 4500
005 - DATE AND TIME OF LATEST TRANSACTION
control field 20170124110151.0
010 ## - LIBRARY OF CONGRESS CONTROL NUMBER
LC control number A-408368
020 ## - INTERNATIONAL STANDARD BOOK NUMBER
Terms of availability 00.00
035 ## - SYSTEM CONTROL NUMBER
System control number A-408368
037 ## - SOURCE OF ACQUISITION
Source of stock number/acquisition Cen Lib/Ret
040 ## - CATALOGING SOURCE
Original cataloging agency DPL
Language of cataloging EN
082 ## - DEWEY DECIMAL CLASSIFICATION NUMBER
Classification number 620
Item number DIF
245 ## - TITLE STATEMENT
Title Diffusion bonding of materials /
Statement of responsibility, etc edited by N. F. Kazakov; translated from russian by Boris V. Kuznetsov
260 ## - PUBLICATION, DISTRIBUTION, ETC. (IMPRINT)
Place of publication, distribution, etc Moscow
Name of publisher, distributor, etc Mir Publishers
Date of publication, distribution, etc 1985
270 ## - ADDRESS
City Moscow
300 ## - PHYSICAL DESCRIPTION
Extent 304p. :
Dimensions 20cm(Hb)
Other physical details ill.
500 ## - GENERAL NOTE
General note Includes index
650 ## - SUBJECT ADDED ENTRY--TOPICAL TERM
Topical term or geographic name as entry element Diffusion bonding (Metals)
9 (RLIN) 34008
650 ## - SUBJECT ADDED ENTRY--TOPICAL TERM
Topical term or geographic name as entry element Diffusion bonding
9 (RLIN) 34009
700 ## - ADDED ENTRY--PERSONAL NAME
Personal name Kazakov, N. F.
9 (RLIN) 34010
700 ## - ADDED ENTRY--PERSONAL NAME
Personal name Kuznetsov, Boris V.
9 (RLIN) 34011
942 ## - ADDED ENTRY ELEMENTS (KOHA)
Source of classification or shelving scheme Dewey Decimal Classification
Koha item type English Books
Classification part 620
Call number suffix DIF
Holdings
Withdrawn status Lost status Damaged status Not for loan Home library Current library Date acquired Source of acquisition Cost, normal purchase price Total Checkouts Full call number Barcode Date last seen Copy number Cost, replacement price Price effective from Koha item type
        Central Library Central Library 21/07/2015 Cen Lib/Ret 0.00   620 DIF A-408368 21/07/2015 1 0.00 21/07/2015 English Books

© Delhi Public Library
Hit Counter
free hit counter